000 00583nam a2200229Ia 4500
003 OSt
005 20230606202533.0
008 210423s2011 xx 000 0 und d
020 _a97881897624078
040 _cAL
041 _aeng
082 _a340
_223
_bMATI
100 _aMATHEW (P D)
_9120352
245 _aIndian penal code 1860
260 _aNew Delhi
_bIndian Social Institute
_c2011
300 _axxxviii,366
_bPB
365 _b250
_cINR
650 _aLaw
_9120353
650 _aSocial Sciences
_9120354
906 _a1860 ; code ; Indian ; penal
942 _2ddc
_cBK
999 _c175928
_d175928